00434 2200181 4500001002100000005001500021035002000036007000300056008004100059020001800100082001200118084002200130100001600152245001700168260003200185300001900217990001600236INLIS00000000000218520260305085907 a0010-0326000133ta260305 g 0 ind  a9786231921994 a297.092 a297.092 RIZ i.c.10 aRizem Aizid1 aIbnu Batutah aYogyakarta :bNoktah,c2023 a168 ;c20.5 cm a2026/P/0225